000 00916nam a2200289 a 4500
005 20140311161034.0
008 111015s19uu xx 00 eng d
010 _a2010020905
020 _a9780415494656
050 _aRC 512
_b.M37 2011
100 _aMeaden, Alan, 1961-
245 _aProblematic and risk behaviours in psychosis :
_ba shared formulation approach /
_cAlan Meaden and David Hacker.
260 _aLondon ; New York :
_bRoutledge,
_c2011.
300 _axii, 312 p. :
_bill. ;
_c23 cm.
521 _aPSYCH
650 _aPsychoses
650 _aPsychotic Disorders
_xcomplications
650 _aBehavior Control
_xmethods
650 _aCognitive Therapy
_xmethods
650 _aPsychotic Disorders
_xtherapy
650 _aRisk Assessment
_xmethods
650 _aRisk Reduction Behavior
700 _aHacker, David, 1973-
942 _cBK
_2lcc
_kFOR
999 _c24444
_d24444